Toutes les gares ferroviaires de la Meuse - Statistiques

Statistiques générales
  • Ce quiz a été pris 19 fois
  • Le résultat moyen est 6 sur 12
Statistiques - réponses
Fréquentation annuelle Nom de la gare % Correct
452 165 Bar-le-Duc
100%
184 398 Verdun
100%
265 631 Commercy
94%
124 626 Etain
56%
258 728 Meuse TGV
56%
104 927 Revigny-sur-Ornain
33%
8 620 Lérouville
28%
7 699 Montmédy
28%
1 216 Nançois - Tronville
22%
7 801 Pagny-sur-Meuse
22%
33 758 Baroncourt
6%
55 Clermont-en-Argonne
6%
Aucun quiz correspondant
Distribution des résultats
% des personnes avec chaque résultat
Percentile par nombre de réponses
Votre historique - résultats
Vous n’avez pas pris ce quiz